000 01105nam2a22002411 4500
001 rc\4456578
005 20250612090648.0
035 _a(NLR Aleph) 008590241
090 _a8639401
_c8639401
100 _a20130416d1966 |||y0rusy50 ca
101 0 _arus
102 _aRU
105 _ab z |||||
200 0 _aТ. 2
210 _aМосква
_cВысш. школа
_d1966
215 _a388 с., 4 отд. л. карт.
_cкарт.
320 _aБиблиогр. / Сост. Т.С. Осипова: с. 376-387
461 0 _1001rc\4456576
_12001#$aИстория средних веков$e[Учебник для ист. фак. гос. ун-тов]$eВ 2 т.$fПод ред. акад. С.Д. Сказкина [и др.]. Т. 1-2$vТ. 2
_98639391
_cМосква
_d1966
_fПод ред. акад. С.Д. Сказкина [и др.]. Т. 1-2
_nВысш. школа
_o[Учебник для ист. фак. гос. ун-тов] : В 2 т.
_p2 т.
_tИстория средних веков
_vТ. 2
801 0 _aRU
_bNLR
_gpsbo
801 1 _aRU
_bELAR
_2rusmarc
852 _aNLR
_j66-5/2131
942 _cBOOK
980 _aNB